01198cam a22002891 4500001001300000003000400013005001700017008004100034010001700075035002000092040001800112042001200130043001200142050002400154100004300178245014700221260003800368300005700406500001700463500007600480500011900556650003700675650005700712700004000769740008200809999001700891gs 38000014 DLC20260227111342.0840206s1937 si bf 000 0 eng  ags 38000014  a(OCoLC)13265335 aDLCcMnUdDLC apremarc aa-io---00aQE299.5b.A32 no. 11 aSavage, Herbert Edward Francis,d1902-14aThe geology of the neighbourhood of Sungei Siput, Perak, Federated Malay States, with an account of the mineral deposits,cby H. E. F. Savage. aSingapore,bPrinters ltd.,c1937. a46, v p.bv pl., 2 maps (1 fold., in pocket)c27 cm. aCover-title. aAt head of title: Geological survey department. Federated Malay States. a"Written by H. E. F. Savage in 1933; prepared for publication in 1937, with various additions by E. S. Willbourn." 0aGeologyzFederated Malay States. 0aMines and mineral resourceszFederated Malay States.1 aWillbourn, Eric Stuart,d1889-eed.0 aSungei Siput, Perak, Federated Malay States, Geology of the neighbourhood of. c27409d27409